| 000 -LEADER |
| fixed length control field |
00833nam a2200205 a 4500 |
| 020 ## - INTERNATIONAL STANDARD BOOK NUMBER |
| ISBN |
0813371295 (pbk. : alk. paper) : |
| 040 ## - CATALOGING SOURCE |
| Transcribing agency |
DLC |
| 082 0# - DEWEY DECIMAL CLASSIFICATION NUMBER |
| Classification number |
362 WOR 2008 C111 Or. |
| 245 00 - TITLE STATEMENT |
| Title |
Reaching the urban poor : The Philippine Experience |
| Remainder of title |
project implementation in developing countries / |
| 260 0# - PUBLICATION, DISTRIBUTION, ETC. (IMPRINT) |
| Place of publication |
Boulder, Colo. : |
| Name of publisher |
Westview Press, |
| Year of publication |
1986 |
| 300 ## - PHYSICAL DESCRIPTION |
| Number of Pages |
xii, 264 p. : |
| Other physical details |
ill. ; |
| Dimensions |
23 cm |
| 490 0# - SERIES STATEMENT |
| Series statement |
Westview special studies in social, political, and economic development |
| 500 ## - GENERAL NOTE |
| General note |
"Published in cooperation with the United Nations Centre for Regional Development and the Lincoln Institute of Land Policy." |
| 650 #0 - SUBJECT ADDED ENTRY--TOPICAL TERM |
| Topical Term |
Urban poor |
| 650 #0 - SUBJECT ADDED ENTRY--TOPICAL TERM |
| Topical Term |
Social service |
| 650 #0 - SUBJECT ADDED ENTRY--TOPICAL TERM |
| Topical Term |
Community development, Urban |
| 700 10 - ADDED ENTRY--PERSONAL NAME |
| Personal name |
Cheema, G. Shabbir |
| 710 20 - ADDED ENTRY--CORPORATE NAME |
| Corporate name or jurisdiction name as entry element |
United Nations Centre for Regional Development |
| 942 ## - ADDED ENTRY ELEMENTS (KOHA) |
| Koha item type |
ADB |
| 952 ## - LOCATION AND ITEM INFORMATION (KOHA) |
| Withdrawn status [LOCAL, KOHA] |
0 |